Obrazy amerického maliara C. [G.] Catlina (1796-1872) z loveckého života severoamerických Indiánov

Bibliographic Details
Main Author: Catlin, George 1796-1872 (Author)
Format: Article
Language:Slovak
Subjects:

MARC

LEADER 00000nab a22000001a 4500
001 vtls008997159
003 SK-MaSNL
005 20260303065800.0
008 070607d1928 xo |r|p|||| |000 b|slo
015 |a SNBRRBVU1918-1938 
038 |a SNKBUCL 
038 |a SNKBUVU 
040 |a SNKBUVU  |b slo  |c SNKBUCL  |e AACR2 
041 0 |a slo 
044 |a xo  |c SK 
080 |a 75.051:75.021.32  |2 1997 
080 |a 75.021.32  |2 1997 
100 1 |a Catlin, George  |d 1796-1872  |4 aut  |9 1066303 
245 1 0 |a Obrazy amerického maliara C. [G.] Catlina (1796-1872) z loveckého života severoamerických Indiánov 
500 |a Blok obsahuje reprodukcie 3 malieb 
650 0 7 |a americké maliarstvo  |2 MM  |9 3110 
650 0 7 |a maľby  |2 MM  |9 313520 
655 7 |a reprodukcie výtvarných diel  |2 MM  |9 310790 
740 0 2 |a Indiánsky lučištník prenasleduje zubra 
740 0 2 |a Indiánski jazdci v zápase so šedým medveďom 
740 0 2 |a Indiánski lovci vo vlčích kožiach na love bizónov 
773 0 |t Vesna  |g Roč. 2, č. 5 (1928), s. 86-87 
852 |a SNK  |b KIS3GCP 
910 |a snkrbvumm 
958 |a VY 
958 |a US 
999 |c 1752676  |d 1754606